01273nab a22002297a 4500003000400000005001700004008004100021040000700062100003100069245011500100260007300215300001300288500003900301505034600340505008200686650001800768650002100786650003100807650002900838650002200867773015400889OSt20251219180356.0190429b xxu||||| |||| 00| 0 spa d cPJ aFrezza, Ángeles Belén 10aMasculinidades migrantes y trata. Víctimas invisibles frente al enfoque binario /cÁngeles Belén Frezza. cCiudad Autónoma de Buenos Aires :aThomson Reuters La Ley, b2025. ap. 26-34 a Cita: TR LALEY AR/DOC/2850/2025 . a Sumario: I. Objetivo.— II. Introducción.— III. La víctima ideal y el enfoque jurídico de la trata.— IV. Masculinidad como obstáculo jurídico y político.— V. Trata, migración y cuerpos racializados. Entre la movilidad y el castigo.— VI. Desafíos pendientes. Hacia una justicia que no excluya.— VII. Conclusiones.  tSi te interesa el texto completo, solicitalo a koha@justierradelfuego.gov.ar  0aDERECHO PENAL 0aDERECHOS HUMANOS 0aDELITOS CONTRA LA LIBERTAD 0aDERECHOS DE LA VÍCTIMA 0aTRATA DE PERSONAS0 02658tRevista de derecho penal y criminología. Nº 11 - Diciembre 2025dCiudad Autónoma de Buenos Aires : Thomson Reuters La Ley, 2017-x00347914